đŸȘ©Daft Punk - Mort subite - Statistiques

Statistiques générales
  • Ce quiz a Ă©tĂ© pris 143 fois
    3 depuis la derniĂšre actualisation
  • Le rĂ©sultat moyen est 7 sur 22
Answers on the Grid
Answers color-coded by a green-red scale on the quiz's grid according to % correct below.
Around The World
Lose Yourself to Dance
Doin' It Right
Don't Stop
Beat It
Get Lucky
Alive
Short Circuit
Too Long
Megatron
Music Sounds Better With You
No Time For Love
Technologic
Feel It
Harder, Better, Faster, Stronger
Television Rules the Nation
The Knight Club
Instant Crush
Aerodynamic
The Prime Time of Your Life
Rollin' and Scratchin'
Human After All
Revolution 909
Face to Face
Digital Love
Memories
Something About Us
Touch
Give Life Back To Music
Veridis Quo
 
Statistiques - réponses
Réponse % Correct
Alive
67%
Around The World
67%
Get Lucky
67%
Harder, Better, Faster, Stronger
67%
Lose Yourself to Dance
67%
Touch
67%
Aerodynamic
33%
Digital Love
33%
Doin' It Right
33%
Face to Face
33%
Give Life Back To Music
33%
Rollin' and Scratchin'
33%
Short Circuit
33%
Television Rules the Nation
33%
Too Long
33%
Veridis Quo
33%
Human After All
0%
Instant Crush
0%
Revolution 909
0%
Something About Us
0%
Technologic
0%
The Prime Time of Your Life
0%
Aucun quiz correspondant
Distribution des résultats
% des personnes avec chaque résultat
Percentile par nombre de réponses
Votre historique - résultats
Vous n’avez pas pris ce quiz depuis la derniùre actualisation